000 00382nam a2200145Ia 4500
008 230917s9999||||xx |||||||||||||| ||und||
040 _e140000
_aMAIN
041 _aEnglish
082 _a954.5 G151P
100 _aGunda Singh, ed
245 4 _aThe Punjab past and present,
260 _aPatiala
_bDepartment of punjab historical studies
_c1976
300 _a269p p.
942 _cBK
999 _c202455
_d202455